000 00495nam a22001937a 4500
003 OSt
005 20140310183112.0
008 130323t xxu||||| |||| 00| 0 eng d
020 _a9716421540
050 _aD 21
_b.Z21 2006
082 _aFIL 909
_bZ21 2006
245 _aWorld history
_cZaide, Gregorio F.
260 _aQuezon City
_bAll Nations Pub.
_cc2006
300 _a460 p. :
_bill., maps
_c28cm.
521 _aCollege
541 _j1
562 _e1
942 _2lcc
_cBK
_kFIL
999 _c18856
_d18856